Dobrodruhům /
Autorka, herečka a cestovatelka, za dva roky navštívila dvacet zemí a rozepsala se o jejich známých i nečekaných podobách.
Uloženo v:
| Hlavní autor: | |
|---|---|
| Další autoři: | |
| Médium: | E-audiokniha |
| Jazyk: | Czech |
| Vydáno: |
Praha :
Voxi,
[2020]
|
| Témata: | |
| Tagy: |
Žádné tagy |
| LEADER | 04270nim a2200973 i 4500 | ||
|---|---|---|---|
| 001 | 313094 | ||
| 003 | CZ PrSKC | ||
| 005 | 20260601215735.0 | ||
| 007 | sd fungnnmmned | ||
| 008 | 201002t20202020xr nnnng f n cze | ||
| 015 | |a cnb003256788 | ||
| 024 | 3 | |a 8594050430952 | |
| 040 | |a ABA001 |b cze |e rda | ||
| 043 | |a e-xr--- |a x------ | ||
| 045 | |a x8y- | ||
| 072 | 7 | |a 91 |x Geografie jako věda. Výzkum. Cestování |2 Konspekt | |
| 080 | |a 791/792.071.2-055.2 |2 MRF | ||
| 080 | |a 910.4-055.2 |2 MRF | ||
| 080 | |a 910.4 |2 MRF | ||
| 080 | |a (437.3) |2 MRF | ||
| 080 | |a (100) |2 MRF | ||
| 080 | |a (0:82-321.8) |2 MRF | ||
| 080 | |a (086.7)08 |2 MRF | ||
| 080 | |a (086.76) |2 MRF | ||
| 100 | 1 | |a Ramba, Tereza, |d 1989- |7 js20081126002 |4 aut |4 nrt | |
| 245 | 1 | 0 | |a Dobrodruhům / |c napsala a čte Tereza Ramba |
| 264 | 1 | |a Praha : |b Voxi, |c [2020] | |
| 264 | 4 | |c ©2020 | |
| 300 | |a 1 audiodisk (5 hod., 18 min.) ; |c 12 cm | ||
| 306 | |a 051800 | ||
| 336 | |a mluvené slovo |b spw |2 rdacontent | ||
| 337 | |a audio |b s |2 rdamedia | ||
| 338 | |a audiodisk |b sd |2 rdacarrier | ||
| 344 | |a digital |b optical |2 rda | ||
| 347 | |a audio soubor |b MP3 |2 rda | ||
| 500 | |a Název z disku | ||
| 500 | |a Copyright Albatros Media | ||
| 500 | |a Nezkrácená audiokniha ve formátu MP3 | ||
| 500 | |a Podle stejnojmenné knihy vydané nakladatelstvím Bizbooks v roce 2020 | ||
| 508 | |a Režie Matyáš Ramba | ||
| 520 | 2 | |a Autorka, herečka a cestovatelka, za dva roky navštívila dvacet zemí a rozepsala se o jejich známých i nečekaných podobách. |b Cestování si nikdy nenaplánujete na sto procent - vždy vás něco překvapí. Ví to i oblíbená herečka a cestovatelka Tereza Ramba (Voříšková). Za dva roky navštívila dvacet zemí a rozepsala se o jejich známých i nečekaných podobách. Ať už máte sami neklidného cestovatelského ducha, nebo radši jenom jezdíte prstem po mapě, Tereziny zážitky jsou natolik inspirující, že vás začnou svrbět pohorky. Nakladatelská anotace. | |
| 600 | 1 | 7 | |a Ramba, Tereza, |d 1989- |7 js20081126002 |2 czenas |
| 648 | 7 | |a 20.-21. století |7 ch462155 |2 czenas | |
| 650 | 0 | 7 | |a herečky |7 ph120685 |z Česko |y 20.-21. století |2 czenas |
| 650 | 0 | 7 | |a cestovatelky |7 ph228447 |z Česko |y 20.-21. století |2 czenas |
| 650 | 0 | 7 | |a cestování |7 ph119114 |z země světa |2 czenas |
| 655 | 7 | |a cestopisné prózy |7 fd205190 |2 czenas | |
| 655 | 7 | |a audioknihy |7 fd119452 |2 czenas | |
| 655 | 7 | |a kompaktní disky |7 fd201991 |2 czenas | |
| 700 | 1 | |a Ramba, Matyáš |4 drt | |
| 900 | |a ABA001 |b 18 | ||
| 044 | |a xr | ||
| 505 | 0 | 0 | |t Úvod a věnování (2 min., 3 sek.) |
| 505 | 0 | 0 | |t Láska_Babičky (4 min., 37 sek.) |
| 505 | 0 | 0 | |t Laos (14 min., 34 sek.) |
| 505 | 0 | 0 | |t Thajsko (25 min., 12 sek.) |
| 505 | 0 | 0 | |t Láska_Civilizace (2 min., 13 sek.) |
| 505 | 0 | 0 | |t Severní pól (26 min., 55 sek.) |
| 505 | 0 | 0 | |t Berlín_Malta_Berlín (12 min., 23 sek.) |
| 505 | 0 | 0 | |t Paříž (1 min., 26 sek.) |
| 505 | 0 | 0 | |t Čína (3 min., 12 sek.) |
| 505 | 0 | 0 | |t Láska_Řeč_Svoboda (3 min., 53 sek.) |
| 505 | 0 | 0 | |t Bosna a Hercegovina (5 min., 59 sek.) |
| 505 | 0 | 0 | |t Černá Hora (3 min., 52 sek.) |
| 505 | 0 | 0 | |t Austrálie (10 min., 16 sek.) |
| 505 | 0 | 0 | |t Láska_Jste zamrzlí (3 min., 37 sek.) |
| 505 | 0 | 0 | |t Camino de Santiago (36 min., 15 sek.) |
| 505 | 0 | 0 | |t Láska_Odnesl_Sundala (6 min., 54 sek.) |
| 505 | 0 | 0 | |t LA (15 min., 6 sek.) |
| 505 | 0 | 0 | |t Láska_Je to akrobat (3 min., 12 sek.) |
| 505 | 0 | 0 | |t Kanada (13 min., 28 sek.) |
| 505 | 0 | 0 | |t Láska_Voda_Rána_Oči (20 min., 59 sek.) |
| 505 | 0 | 0 | |t Vietnam (36 min., 50 sek.) |
| 505 | 0 | 0 | |t Londýn (2 min., 11 sek.) |
| 505 | 0 | 0 | |t Kostarika (10 min., 6 sek.) |
| 505 | 0 | 0 | |t Láska_Cucací bonbóny (15 min., 36 sek.) |
| 505 | 0 | 0 | |t Barbados (3 min., 16 sek.) |
| 505 | 0 | 0 | |t Peru (21 min., 6 sek.) |
| 505 | 0 | 0 | |t Láska_Černá, měkká noc (8 min., 37 sek.) |
| 505 | 0 | 0 | |t Budapešť (3 min., 2 sek.) |
| 505 | 0 | 0 | |t Doslov (1 min., 39 sek.) |
| 910 | |a RBIT002 | ||
| 998 | |d 354329 |a https://core.palmknihy.cz/api/books/354329/cover?she819 |b https://core.palmknihy.cz/api/books/354329/cover/400?she819 |c https://core.palmknihy.cz/api/books/354329/cover/50?she819 |e 2030-12-31 |i 8594050430952 |l 19080 |q 49 |r 1 |s https://www.palmknihy.cz/kniha/354329 |t audiobook |y 2020 |z 0 | ||
| 999 | |d 313092 | ||